Central Library OPAC University of Rajshahi

Purposeful investment / (Record no. 4000)

MARC details
000 -LEADER
fixed length control field 00665cam a22002531 4500
001 - CONTROL NUMBER
control field 4000
003 - CONTROL NUMBER IDENTIFIER
rucl marc code BD-RjUL
005 - DATE AND TIME OF LATEST TRANSACTION
control field 20211208233822.0
008 - FIXED-LENGTH DATA ELEMENTS--GENERAL INFORMATION
fixed length control field 131221s1965 xx 001 0 eng
035 ## - SYSTEM CONTROL NUMBER
System control number (BD-RjUL)4034
System control number (OCoLC)994149
040 ## - CATALOGING SOURCE
Original cataloging agency DLC
Transcribing agency OTU
Modifying agency Uk
-- DLC
-- BD-RjUL
Language of cataloging eng
041 ## - LANGUAGE CODE
Language code of text/sound track or separate title eng
082 ## - DEWEY DECIMAL CLASSIFICATION NUMBER
Edition number 19
Classification number 332.6
Author mark and year NUP 1965
100 1# - MAIN ENTRY--PERSONAL NAME
Personal name Nursaw, William G.
9 (RLIN) 12732
245 10 - TITLE STATEMENT
Title Purposeful investment /
Statement of responsibility, etc. [by] William G. Nursaw.
260 ## - PUBLICATION, DISTRIBUTION, ETC. (IMPRINT)
Place of publication, distribution, etc. London,
Name of publisher, distributor, etc. Hutchinson,
Date of publication, distribution, etc. c1965
300 ## - PHYSICAL DESCRIPTION
Pagination 192p. ;
Size 22cm.
504 ## - BIBLIOGRAPHY, ETC. NOTE
Bibliography, etc Includes Index.
650 #0 - SUBJECT ADDED ENTRY--TOPICAL TERM
Topical term or geographic name as entry element Investments.
9 (RLIN) 12733
942 ## - ADDED ENTRY ELEMENTS (KOHA)
Source of classification or shelving scheme Dewey Decimal Classification
Koha item type Books
Holdings
Lost status Source of classification or shelving scheme Damaged status Not for loan Collection code Permanent Location Current Location Shelving location Date acquired Source of acquisition Cost, normal purchase price Total Checkouts Full call number Date last seen Copy number Koha item type
  Dewey Decimal Classification   Not For Loan Non-fiction Central Library, University of Rajshahi Central Library, University of Rajshahi Reading Room 14/05/1967 Publisher United ltd. 18.75   332.6 NUP 1965 21/12/2013 C-1 Books